000 00815 a2200205 4500
005 20080924110233.0
008 080924t xxu||||| |||| 00| 0 eng d
010 _aENG-87832
020 _a0195689356
_c695.00
035 _aEN-71365
037 _bD.B.Act / Pub
082 _a954.01
245 _aBetween the empires
_cedited by Patrick Olivelle
_bsociety in India 300 BCE to 400 CE
260 _aNew Delhi
_bOxford University Press
_c2007
300 _axiv, 524 p.
_c23 cm. (Hb.)
500 _aIncludes bibliograpgical references and index
700 _aOlivelle, Patrick
942 _adpl
_cEN
_k954.01 / BET
_2ddc
_h954.01
_mBET
999 _c7079
_d7079